Most Developed Countries Currently At War - Statistics

General Stats
  • This quiz has been taken 68 times
  • The average score is 7 of 15
Answer Stats
HDI Country % Correct
0.919 Israel
98%
0.832 Russia
93%
0.779 Ukraine
93%
0.695 Iraq
61%
0.752 Lebanon
59%
0.789 Mexico
46%
0.721 Libya
41%
0.788 Colombia
38%
0.763 Algeria
36%
0.710 Morocco
34%
0.746 Tunisia
27%
0.777 Ecuador
18%
0.628 Kenya
14%
0.628 Ghana
11%
0.685 Bangladesh
7%
No matching quizzes found
Score Distribution
Percent of People with Each Score
Percentile by Number Answered
Your Score History
You have not taken this quiz